000 00616nam a2200181Ia 4500
005 20250423100603.0
008 250422s9999 xx 000 0 und d
020 _a9780205639465
050 _aHV 11 .O79/
100 _aO'Sullivan, Elizabethann
245 0 _aPractical research methods for nonprofit and public administrators
260 _aBoston
260 _bpearson
260 _c2011
300 _a254 p
650 _aHuman services--Research--Methodology. Social service--Research--Methodology. Nonprofit organizations--Research--Methodology. Public administration--Research--Methodology.
942 _cBK
999 _c33756
_d33756